Initiation a l'internet juridique
Сохранить в:
| Главный автор: | |
|---|---|
| Формат: | |
| Язык: | Undetermined |
| Опубликовано: |
Paris
Litec
2000
|
| Предметы: | |
| Метки: |
Добавить метку
Нет меток, Требуется 1-ая метка записи!
|
| Thư viện lưu trữ: | Trung tâm Học liệu Trường Đại học Cần Thơ |
|---|
| LEADER | 00534nam a2200181Ia 4500 | ||
|---|---|---|---|
| 001 | CTU_73031 | ||
| 008 | 210402s9999 xx 000 0 und d | ||
| 082 | |a 343.440999 | ||
| 082 | |b P196 | ||
| 100 | |a Frédéric-Jérome Pansier | ||
| 245 | 0 | |a Initiation a l'internet juridique | |
| 245 | 0 | |c Frédéric-Jérome Pansier et Emmanuel Jez | |
| 260 | |a Paris | ||
| 260 | |b Litec | ||
| 260 | |c 2000 | ||
| 650 | |a computer law,internet,intangible property | ||
| 904 | |i Minh | ||
| 980 | |a Trung tâm Học liệu Trường Đại học Cần Thơ | ||